000 00627nam a22001937a 4500
999 _c525347
_d525347
003 NUST
005 20190701073629.0
008 190701b ||||| |||| 00| 0 eng d
038 _aMr. Zahoor
082 _a620
100 _aShahzad, Shazrah
_916176
245 _aZinc Oxide (ZnO) & Niobium Diselenide (NbSe2 Nanostructures for Sensing and EMI Shielding Applications /
_cShazrah Shahzad
260 _aIslamabad :
_bSCME - NUST,
_c2018.
300 _aviii, 61 p. : ill. ;
_c30cm
500 _aHardcover.
650 _aNanoscience and Engineering - MS Thesis
_916136
700 _aDr. Sofia Javed
_916177
942 _2ddc
_cTHE